PDC: un partido desgarrado

Enregistré dans:
Détails bibliographiques
Format: Texte
Sujets:
Tags: Ajouter un tag
Pas de tags, Soyez le premier à ajouter un tag!

MARC

LEADER 00000 a a2200000 04500
001 6050
003
040
245 |a PDC:   |b un partido desgarrado  
650 |a PARTIDOS POLITICOS  
650 |a VOTACION  
650 |a SISTEMAS ELECTORALES  
650 |a CRISIS POLITICA  
773 |g volumen 17, número 623; páginas 4-6  
999 |c 21732  |d 21732